000 00317nam a22001337a 4500
008 180906b xxu||||| |||| 00| 0 eng d
020 _a0876+206100
041 _aeng
080 _a574
100 _a9
101 _aMJE
245 _aThe Natural Environment Wastes And Control
_cChristman,R,F
942 _2udc
_cBK
999 _c47573
_d47573